000 00633nam a2200229Ia 4500
005 20241216011026.0
008 190212s9999||||xx |||||||||||||| ||und||
020 _a958-600-966-1
082 _a620
_bB151
100 _aBLANK, LELAND T. Y OTRO
245 0 _aINGENIERIA ECONOMICA
250 _a4
260 _aCOLOMBIA
_bMACGRAW HILL
_c2000
300 _a722 pag
_c23 cm
341 _h121
490 _v0
_a0
505 _aFACTORES DE USO/TASA DE RETORNO/DEPRECIACION/RACIONAMIENTO
541 _aC
_bLIBRERIA SAN CRISTOBAL
_d15-Nov-00
_oSoles
650 _aCIENCIAS APLICADAS
856 _zCiencias Aplicadas
942 _cLIBRO
999 _c30574
_d30574